Регионална библиотека "Любен Каравелов" - Русе

Този мъж (Запис номер 180025)

MARC детайли
000 -Лидер
Контролно поле с фиксирана дължина 01485nam a2200385 c 4500
003 - Код на организацията, давaща контролен номер
Контролно поле BLK
005 - Дата и час на последна редакция
Контролно поле 20240212155854.0
008 - Елементи от данни с фиксирана дължина
fixed length control field 180411b bul|||||r ||||||| ||bul||
010 ## - Наследен системен номер
LC control number KNG00188849000
020 ## - Международен стандартен номер на книга ISBN
Международен стандартен номер на книга ISBN 978-954-27-1560-3
040 ## - Източник на каталожния запис
Идентификатор на билиотеката - собственик на записа BLK
041 ## - Код за език
Код за езика на текст/звукозапис или на отделно заглавие Български
Код за езика КДБФ Български
072 #7 - Код за тематичната категория
Код организация bullib
Код за тематична категория Н83
Текст Чужда художествена литература Н
080 ## - УДК
Текстов определител УДК Английска литература
УДК код - определител по УДК 821.111
УДК определител -31
УДК - код + определител 821.111-31
100 1# - Редна дума - Автор
Автор Малпас, Джоди Елън
Авторска отговорност първи автор
R(LIN) 91723
139 ## - Редно поле
Редна дума Малпас, Джоди Елън
Авторски знак Малк - М 23
245 10 - Сведения за заглавието
Заглавие Този мъж
Подзаглавни данни Кн. 1 -
Редно поле (дума) Джоди Елън Малпас; прев. от англ. Ирина Стефанова Ценкова.
Том Кн. 1
257 ## - Страна на издаване
Страна на създаване/издаване Великобритания
260 ## - Област на издателските данни
Година на издаване 2015 -
300 ## - Физическа характеристика
Размери/Мащаб 19 см
380 ## - Жанр
Жанр Худож. лит.
490 1# - СЕРИИ (Колекции)
Име на серия Романтика и еротика
490 1# - СЕРИИ (Колекции)
Име на серия Книги за любов)(Без предразсъдъци
500 ## - Общи забележки
Забележка Ориг. загл.: This man / Jodi Ellen Malpas
659 ## - Тематичен бюлетин
Тематичен бюлетин Н
700 1# - Други автори (авторска отговорност)
Лично име Ценкова, Ирина Стефанова
Автороска отговорност (Описва отношението между автора и произведението) прев. от англ.
9 (RLIN) 382234
760 1# - Описание на основната серия
Редна дума на основното описание Малпас, Джоди Елън
Място на издаване, издател и година Егмонт България, 2015
Страници - том 544 с.
Заглавие Кн. 1
852 ## - Местоположение
Форматна сигнатура Цб 281276
856 4# - Електронен адрес и достъп
Електронен формат pdf - файл
856 4# - Електронен адрес и достъп
Електронен формат pdf - файл
999 ## - СИСТЕМНИ КОНТРОЛНИ НОМЕРА
Koha biblionumber 180025
Koha biblioitemnumber 180025
942 ## - АРТИКУЛИ
Вид на библиотечния материал Книги
Скрит в OPAC Не
Koha issues (borrowed), all copies 24
944 ## - СЪЗДАВАНЕ И РЕДАКЦИЯ на ЗАПИСА
Създаване/Редакция Създаване
Дата на регистрацията/редакция 28.06.2016
Служител, извършил регистрацията/редакцията 30564
Статус, дата на статуса Галина Якимова
944 ## - СЪЗДАВАНЕ И РЕДАКЦИЯ на ЗАПИСА
Създаване/Редакция Редакция
Дата на регистрацията/редакция 14.10.2016
Служител, извършил регистрацията/редакцията Виолета_Тройчева
999 ## - СИСТЕМНИ КОНТРОЛНИ НОМЕРА
Koha biblioitemnumber 180025
Наличности
Код за отписване Код за изгубен артикул Код за повреда Коз за рестрикции Код за отдаване Артикулен № Име на библиотеката - собственик Име на библиотеката, в която се намира в момента Статус (Текущо местоположение) Дата на вписване в системата Местоположение - отдел Цена в лева Инвентарен номер Систематично азбучна сигнатура Баркод Номер на екземпляра Цена в евро Служебна бележка Служебен тип на артикула Източник на класификационната схема
  Не е изгубен Не е повреден без рестрикции ползва се в читалня 308642 Регионална библиотека "Любен Каравелов" Русе Регионална библиотека "Любен Каравелов" Русе Хранилище 2016-06-28 Хранилище 19.90 120000801743 Цб 281276 120000801743 1 10.17 Дост: Dp Вид: Д N: 22 Дата: 27.04.2016 Книги  
Изтеглен Не е изгубен Не е повреден   заемане за дома 691528 Регионална библиотека "Любен Каравелов" Русе Регионална библиотека "Любен Каравелов" Русе Количка 2019-02-28 Заемна - подръчен фонд 15.58   П 820-31/М 23 120000830527   7.97   Книги Universal Decimal Classification
Vip Innovations Ltd, Rousse, Bulgaria 2025